00611cam a22002057a 450000500170000000800410001701000100005801100100006803500100007808200220008811100770011024500140018726000710020130000100027265000160028265000220029870000260032070000300034670000290037620220817043055.0971010s1988 r 00010 d a64788 a65760 a73081 a634.9751bS5 198800aSimposio Nacional sobre Pinos Piñonerosn(2 :d1988 :cMéxico, D.F.) 0aPonencias aChapingo, Méx. :bUACH. División de Ciencias Forestales,c1988 a311 p14aPináceas.14aPinus cembroides.0 aCibrian Tovar, David.0 aEguiluz Piedra, Teobaldo.0 aPassini, Marie Francois.